000 00686nam a2200217 a 4500
001 1153
003 BR-CuiBMT
005 20231129233805.0
008 231129s2013 dfba 000 0 por d
020 _a9788582960042
040 _aBR-CuiBMT
_cBR-CuiBMT
080 _a340.12-051
_x(091
_22007
090 _a340.12-051(091)
_bM665
245 _aMinistro Milton Luiz Pereira :
_bnarrativas de uma trajetória exemplar /
_cCentro de estudos judiciários.
260 _aBrasília :
_bCJF,
_c2013.
300 _a296 p. :
_bil. ;
_c22 cm
650 _aJurista
_vBiografia
650 _aPereira, Milton Luiz, 1932-Biografia
710 _aBrasil.
_bConselho da Justiça Federal
942 _2udc
_cLV
999 _c1153
_d1153